000 01932cam a2200529 a 4500
001 3986
003 FISKH
005 20250827145608.0
008 110613t20112010nyua j b 001 1 eng d
010 _a 2011282484
020 _a9781442420113 (lib. bdg.)
020 _a1442420111 (lib. bdg.)
020 _a9781442416758
020 _a1442416750
035 _a(OCoLC)ocn606790022
040 _aBTCTA
_cBTCTA
_dNYP
_dBUL
_dSPU
_dB2A
_dNAB
_dABG
_dAML
_dDLC
_beng
042 _alccopycat
050 0 0 _aPZ7.S6953
_bOl 2011
082 0 4 _a813.6
_222
100 1 _aSollinger, Emily.
245 1 0 _aOlivia plants a garden /
_cadapted by Emily Sollinger ; based on the screenplay written by Rachel Ruderman and Laurie Israel ; illustrated by Jared Osterhold.
250 _aFirst Simon Spotlight edition, January 2011
260 _aNew York :
_bSimon Spotlight,
_c2010.
300 _a24 unnumbered pages :
_bcolor illustrations ;
_c23 cm
490 0 _aReady-to-read. Level 1
500 _a"As seen on Nickelodeon"--Jacket.
504 _aIncludes bibliographical references and index.
505 _aK
520 _aWhen Olivia's teacher gives Olivia a "surprise" plant seed envelope, she takes care of the seed in her garden, excited to discover what kind of plant she will grow.
521 8 _a510
_bLexile
521 8 _aK
_bRaz-Plus
600 0 0 _aOlivia
_c(Fictitious character from Falconer)
_vJuvenile fiction.
650 0 _aGardening
_vFiction.
650 0 _aGardens
_vFiction.
650 0 _aSwine
_vFiction.
650 0 _aGardening
_vJuvenile fiction.
650 0 _aGardens
_vJuvenile fiction.
650 0 _aSwine
_vJuvenile fiction.
650 1 _aGardening
_vFiction.
650 1 _aGardens
_vFiction.
650 1 _aPigs
_vFiction.
650 1 _aRebuses.
700 1 _aOsterhold, Jared.
_4illustrator
906 _a7
_bcbc
_ccopycat
_d2
_encip
_f20
_gy-gencatlg
942 _2ddc
_cBK
_n0
999 _c3986
_d3986